[Event "Guayaquil Feda 81"]
[Site "Guayaquil"]
[Date "2003.10.26"]
[Round "7"]
[White "Wong, Erick"]
[Black "Bohorquez Trivino, Idelfonso"]
[Result "1/2-1/2"]
[WhiteElo "2085"]
[BlackElo "2144"]
[PlyCount "50"]
[EventDate "2003.10.24"]
[EventType "tourn"]
[EventRounds "9"]
[EventCountry "ECU"]
[SourceTitle "EXT 2005"]
[Source "ChessBase"]
[SourceDate "2004.11.15"]
[SourceVersion "1"]
[SourceVersionDate "2004.11.15"]
[SourceQuality "1"]

1. e4 e5 2. Nf3 Nc6 3. Bb5 a6 4. Bxc6 dxc6 5. 0-0 f6 6. d4 exd4 7. Nxd4 c5 8. Ne2 Be6 9. Nbc3 Ne7 10. Bf4 Nc6 11. Bg3 Bd6 12. Bxd6 Qxd6 13. Qxd6 cxd6 14. Rfd1 0-0-0 15. Rd2 Rhe8 16. Rad1 Kc7 17. Nf4 Bf7 18. f3 Ne7 19. Ncd5+ Nxd5 20. Nxd5+ Bxd5 21. Rxd5 Re5 22. Rxe5 dxe5 23. Rxd8 Kxd8 24. c4 Kc7 25. Kf2 Kc6 1/2-1/2

[Event "Guayaquil Feda 81"]
[Site "Guayaquil"]
[Date "2003.10.25"]
[Round "4"]
[White "Bastidas Rodriguez, Jaime"]
[Black "Wong, Erick"]
[Result "1/2-1/2"]
[WhiteElo "2296"]
[BlackElo "2085"]
[PlyCount "78"]
[EventDate "2003.10.24"]
[EventType "tourn"]
[EventRounds "9"]
[EventCountry "ECU"]
[SourceTitle "EXT 2005"]
[Source "ChessBase"]
[SourceDate "2004.11.15"]
[SourceVersion "1"]
[SourceVersionDate "2004.11.15"]
[SourceQuality "1"]

1. e4 c5 2. Nf3 d6 3. d4 cxd4 4. Nxd4 Nf6 5. Nc3 g6 6. Be3 Bg7 7. f3 Bd7 8. Qd2 Nc6 9. 0-0-0 a6 10. h4 h5 11. Kb1 Rc8 12. Nxc6 Bxc6 13. Bd3 Qa5 14. Bd4 0-0 15. Nd5 Qd8 16. Nxf6+ exf6 17. c4 b5 18. Qe2 Rb8 19. Rc1 bxc4 20. Bxc4 Bb5 21. Rhd1 Re8 22. Bc3 f5 23. Bxg7 Kxg7 24. Bxb5 Rxb5 25. Rc6 Qxh4 26. Rxa6 Rbe5 27. Qe1 Qxe1 28. Rxe1 d5 29. Ra5 fxe4 30. fxe4 dxe4 31. Rxe5 Rxe5 32. a4 Kf6 33. b4 Ke6 34. Kc2 f5 35. Kc3 f4 36. a5 Kd6 37. a6 Kc6 38. Kd4 Rb5 39. Kc4 Re5 1/2-1/2

[Event "Guayaquil Feda 81"]
[Site "Guayaquil"]
[Date "2003.10.24"]
[Round "2"]
[White "Barahona, Mario"]
[Black "Wong, Erick"]
[Result "1/2-1/2"]
[WhiteElo "1952"]
[BlackElo "2085"]
[PlyCount "57"]
[EventDate "2003.10.24"]
[EventType "tourn"]
[EventRounds "9"]
[EventCountry "ECU"]
[SourceTitle "EXT 2005"]
[Source "ChessBase"]
[SourceDate "2004.11.15"]
[SourceVersion "1"]
[SourceVersionDate "2004.11.15"]
[SourceQuality "1"]

1. d4 d5 2. c4 c6 3. Nf3 Nf6 4. e3 e6 5. Nc3 Nbd7 6. Bd3 Be7 7. 0-0 0-0 8. b3 dxc4 9. bxc4 Bb4 10. Bb2 Qa5 11. Qc2 h6 12. e4 e5 13. d5 cxd5 14. Nxd5 Nxd5 15. cxd5 f6 16. a4 Bd6 17. Nd2 Nc5 18. Nc4 Qd8 19. Rfd1 Bg4 20. f3 Bh5 21. Kh1 Bg6 22. Rac1 b6 23. Ba3 Be8 24. Nxd6 Qxd6 25. Bb5 Bxb5 26. axb5 Qd7 27. Qa2 Kh8 28. Bxc5 bxc5 29. Rxc5 1/2-1/2

[Event "Guayaquil Feda 81"]
[Site "Guayaquil"]
[Date "2003.10.24"]
[Round "1"]
[White "Wong, Erick"]
[Black "Munoz Sanchez, Miguel Angel"]
[Result "0-1"]
[WhiteElo "2085"]
[BlackElo "2442"]
[PlyCount "54"]
[EventDate "2003.10.24"]
[EventType "tourn"]
[EventRounds "9"]
[EventCountry "ECU"]
[SourceTitle "EXT 2005"]
[Source "ChessBase"]
[SourceDate "2004.11.15"]
[SourceVersion "1"]
[SourceVersionDate "2004.11.15"]
[SourceQuality "1"]

1. d4 Nf6 2. c4 e5 3. d5 Bc5 4. e3 a6 5. Nc3 0-0 6. Bd2 d6 7. Be2 Bf5 8. Nf3 Ne4 9. 0-0 Nxd2 10. Qxd2 Bg6 11. a3 Nd7 12. b4 Ba7 13. Rac1 f5 14. Kh1 f4 15. e4 Nf6 16. Bd3 Bh5 17. Ng1 g5 18. Qc2 Qe8 19. b5 Qg6 20. bxa6 bxa6 21. Na4 Qh6 22. c5 Be8 23. f3 Nh5 24. Ne2 Ng3+ 25. Nxg3 fxg3 26. h3 Bd7 27. Nb2 Bxc5 0-1